LEADER 00413nab a2200145 i 4500 001 000000291059 003 CaOOAMICUS 005 20170609000000.0 008 170609n xx uu u0 0und r 013 $a46357 040 $aSeMil$bita 245 10$a[SENZA TITOLO]. 500 $aMay/June 2017. 773 0 $t[2017].$dLondon : SAGE Publications, copyr. 2017.$w()252709 996 $6245$a[SENZA TITOLO]$9(OLS)http://semarc/title/354609 LEADER 00680nam a2200181 i 4500 001 000000252788 003 CaOOAMICUS 005 20170206000000.0 008 170206s1824 it u000 u ita u 013 $a231693 026 $an-a. .)o- moio MCle (3) 1824 (A) 040 $aSeMil$bita 245 10$aTomo 3. 300 $a351, [1] p., [2] c. di tav. di cui 1 ripieg. :$bill. 773 0 $aVerri, Pietro <1728-1797>$tStoria di Milano del conte Pietro Verri. Tomo 1. [-4.].$dMilano : Presso gli Editori, 1824-1825$g3$w()28418 850 $aSeMil 852 $aSeMil$W1$xVenegono$y1$m3O IV 3 FA$j203134$B203134$CSeMilBibl$Z2$F215843 $8I 996 $6245$aTomo 3$9(OLS)http://semarc/title/53129